| Tag |
First Indicator |
Second Indicator |
Subfields |
| LEADER |
00000cam a2200000 a 4500 |
| 001 |
in00000075604 |
| 005 |
20151008053648.0 |
| 008 |
800328s1979 enk b 00110 eng d |
| 010 |
|
|
|a 79041111
|
| 020 |
|
|
|a 0422768405
|
| 035 |
|
|
|a (OCoLC)06140961
|
| 035 |
|
|
|9 AAH8199AM
|
| 040 |
|
|
|a WAU
|c WAU
|d OCL
|d TXA
|d UtOrBLW
|
| 049 |
|
|
|a TXAM
|c [1387100]
|
| 090 |
|
|
|a HN18
|b .C28
|
| 100 |
1 |
|
|a Camhis, Marios.
|
| 245 |
1 |
0 |
|a Planning theory and philosophy /
|c Marios Camhis.
|
| 264 |
|
1 |
|a London ;
|a New York, N.Y. :
|b Tavistock Publications,
|c 1979.
|
| 300 |
|
|
|a 186 pages ;
|c 23 cm.
|
| 336 |
|
|
|a text
|b txt
|2 rdacontent
|
| 337 |
|
|
|a unmediated
|b n
|2 rdamedia
|
| 338 |
|
|
|a volume
|b nc
|2 rdacarrier
|
| 500 |
|
|
|a Includes indexes.
|
| 504 |
|
|
|a Bibliography: pages [169]-179.
|
| 650 |
|
0 |
|a Social policy.
|
| 650 |
|
0 |
|a City planning
|x Philosophy.
|
| 650 |
|
0 |
|a Urbanization
|x Philosophy.
|
| 999 |
|
|
|a MARS
|
| 999 |
f |
f |
|s 4b188b68-8465-3af2-85c7-17f89b729236
|i e5f6f9f3-c3b0-38c6-b6b9-db511df6767c
|t 0
|
| 952 |
f |
f |
|p ric
|a Texas A&M University
|b Rellis Campus
|c Joint Library Facility
|d Remote Storage
|t 0
|e HN18 .C28
|h Library of Congress classification
|i unmediated -- volume
|m A14806140198
|
| 998 |
f |
f |
|a HN18 .C28
|t 0
|l Remote Storage
|